[Event "Roncana op-C 8th"]
[Site "Santa Eulalia de Roncana"]
[Date "2014.11.01"]
[Round "3"]
[White "Company Fernandez, David"]
[Black "Tarrada Camanes, Lucas"]
[Result "1-0"]
[WhiteElo "1703"]
[BlackElo "1700"]
[PlyCount "63"]
[EventDate "2014.10.11"]
[EventType "swiss"]
[EventRounds "8"]
[EventCountry "ESP"]
[SourceTitle "EXT 2016"]
[Source "ChessBase"]
[SourceDate "2015.10.08"]
[SourceVersion "1"]
[SourceVersionDate "2015.10.08"]
[SourceQuality "1"]

1. e4 e5 2. Nf3 Nc6 3. Bc4 Bc5 4. d3 Nf6 5. Bg5 d6 6. Nc3 0-0 7. Nd5 Na5 8. Bb3 c6 9. Nxf6+ Kh8 10. Ng4 Bxg4 11. Bxd8 Raxd8 12. c3 d5 13. Bc2 b5 14. b4 Nb7 15. bxc5 Nxc5 16. h3 Bh5 17. 0-0 a5 18. g4 Bg6 19. Nxe5 Rd6 20. f4 a4 21. f5 Bh5 22. gxh5 Rdd8 23. d4 Nb7 24. Qg4 g6 25. hxg6 hxg6 26. fxg6 fxg6 27. Nxg6+ Kg8 28. Nxf8+ Kh8 29. Rf3 Rd6 30. Rg3 Rg6 31. Qxg6 Nd8 32. Qg7# 1-0